[Event "40th Olympiad Women"]
[Site "Istanbul TUR"]
[Date "2012.09.01"]
[Round "5.03"]
[White "Szczepkowska Horowska,K"]
[Black "Pavlidou,E"]
[Result "1/2-1/2"]
[WhiteElo "2375"]
[BlackElo "2237"]

1.e4 c5 2.Nc3 Nc6 3.Bb5 Nd4 4.Bc4 Nf6 5.Nge2 e6 6.O-O a6 7.d3 b5 8.Bb3 Nxb3
9.axb3 Bb7 10.Bg5 h6 11.Bh4 d6 12.f4 Be7 13.f5 exf5 14.Rxf5 Ng4 15.Bxe7 Qxe7
16.Qd2 O-O 17.h3 Ne5 18.Raf1 b4 19.Nd1 a5 20.Ne3 g6 21.Rf6 Nd7 22.R6f2 Qg5
23.Rf3 h5 24.Qe1 Qh6 25.Nf4 Ne5 26.Qd1 Rae8 27.c3 Qg5 28.R3f2 Qg3 29.Qd2 Qg5
30.Kh2 h4 31.Kg1 Ra8 32.Qe2 Rae8 33.Qd1 Rd8 34.d4 Nd7 35.Nfd5 Rde8 36.Rf4 Bxd5
37.Nxd5 f5 38.exf5 Rxf5 39.Rxf5 gxf5 40.Qf3 cxd4 41.cxd4 Re4 42.Nf4 Nf6 43.d5 Qg3
44.Nh5 Nxh5 45.Qxh5 f4 46.Qd1 Re3 47.Rf2 Rxb3 48.Rxf4 Qxf4 49.Qxb3 a4 50.Qxa4 Qc1+
51.Kh2 Qf4+ 52.Kg1 Qc1+ 53.Kh2 Qf4+  1/2-1/2

[Event "40th Olympiad Women"]
[Site "Istanbul TUR"]
[Date "2012.09.01"]
[Round "5.05"]
[White "Pokorna,Reg"]
[Black "Rogule,L"]
[Result "1/2-1/2"]
[WhiteElo "2353"]
[BlackElo "2315"]

1.e4 c5 2.Nc3 Nc6 3.Nf3 d6 4.d4 cxd4 5.Nxd4 Nf6 6.Bc4 Qb6 7.Nb3 e6 8.Be3 Qc7
9.O-O Be7 10.f4 O-O 11.Bd3 a6 12.Qf3 b5 13.Rae1 Bb7 14.Qh3 Nb4 15.a3 Nxd3
16.cxd3 a5 17.Nd4 b4 18.Ncb5 Qd7 19.a4 Rfc8 20.Bf2 Ne8 21.Qg4 Nc7 22.Nxc7 Rxc7
23.Nb5 Rc2 24.Bd4 Bf8 25.Re3 f5 26.Qd1 Rac8 27.Re2 Rxe2 28.Qxe2 fxe4 29.dxe4 Ba6
30.h3 Rb8 31.f5 e5 32.Be3 Bxb5 33.axb5 Qxb5 34.Qg4 Qd7 35.Qd1 Qf7 36.Qa4 Qc4
37.Qxa5 Qxe4 38.Bf2 Rc8 39.Qa2+ Qc4 40.Qa7 Rc7 41.Qa8 Rc8 42.Qb7 d5 43.Re1 Re8
44.Qd7 Re7 45.Qd8 e4 46.Be3 Qc6 47.Rc1 Qd7 48.Rc8 Qxf5 49.g4 Qf6 50.Qxd5+ Rf7
51.Rxf8+ Kxf8 52.Bc5+ Ke8 53.Qxe4+ Kd8 54.Qa8+ Kc7 55.Qa7+ Kc6 56.Qb6+ Kd5
57.Qxf6 Rxf6 58.Bxb4 Rf3 59.Kg2 Ke4 60.Bc3 g6 61.Bg7 Rf7 62.Bc3 Ke3 63.Kg3 Rf3+
64.Kg2 Rf2+ 65.Kg3 Rc2 66.Bg7 Rc7 67.Be5 Rb7 68.Bf6 Rb6 69.Bg7 Rb7 70.Bf6 Rf7
71.Bc3 Ke2 72.Bd4 Rf3+ 73.Kg2 Rf4 74.Bc3 g5 75.Bg7 Rf7 76.Bh6 Rf2+ 77.Kg3 Rf3+
78.Kg2 Rf2+  1/2-1/2

[Event "40th Olympiad Women"]
[Site "Istanbul TUR"]
[Date "2012.09.01"]
[Round "5.30"]
[White "Lakinska,Simona"]
[Black "Durmaz,A"]
[Result "1-0"]
[WhiteElo "1655"]
[BlackElo "1801"]

1.e4 c5 2.Nc3 Nc6 3.Bb5 Nd4 4.Bc4 g6 5.Nge2 Bg7 6.Nxd4 cxd4 7.Qf3 e6 8.Nb5 d6
9.Qa3 Be5 10.O-O a6 11.f4 axb5 12.Qxa8 bxc4 13.fxe5 dxe5 14.Qa4+ Bd7 15.Qxc4 Nf6
16.Qe2 h5 17.Qf3  1-0

[Event "World Youth U16 Olympiad 2012"]
[Site "Istanbul TUR"]
[Date "2012.09.01"]
[Round "6.12"]
[White "Lee,Qing Aun"]
[Black "Felix Vega,Aurora Edith"]
[Result "0-1"]
[WhiteElo "1643"]
[BlackElo "1896"]

1.e4 c5 2.Nf3 Nc6 3.Nc3 Nf6 4.d4 cxd4 5.Nxd4 e5 6.Ndb5 d6 7.Bg5 a6 8.Na3 b5
9.Nd5 Be7 10.Bxf6 Bxf6 11.c3 Bg5 12.Nc2 O-O 13.a4 bxa4 14.Rxa4 a5 15.Bc4 Rb8
16.b3 Kh8 17.Nce3 g6 18.O-O f5 19.f3 Bxe3+ 20.Kh1  0-1

[Event "14th Trieste Open A"]
[Site "Trieste ITA"]
[Date "2012.09.02"]
[Round "2"]
[White "Erwich,Frans"]
[Black "Bernard,Ja"]
[Result "0-1"]
[WhiteElo "2005"]
[BlackElo "2224"]

1.e4 c5 2.Nf3 Nc6 3.Nc3 g6 4.d4 cxd4 5.Nxd4 Bg7 6.Be3 Nf6 7.Be2 O-O 8.Nb3 a6
9.f4 d6 10.g4 b5 11.g5 Nd7 12.a3 Bb7 13.O-O Na5 14.Nxa5 Qxa5 15.e5 b4 16.axb4 Qxb4
17.Ra4 Qxb2 18.Qd2 Rac8 19.Bd4 dxe5 20.fxe5 Bxe5 21.Rb1 Bxd4+ 22.Rxd4 Qxc3
23.Rxb7 Qa1+ 24.Qd1 Qxd1+ 25.Bxd1 Nc5 26.Rxe7 Ne6 27.Rg4 Rfd8 28.Bf3 Rxc2
29.h4 Rd3 30.Bg2 Rdd2 31.Ra7 Ra2 32.Kh1 Ra1+ 33.Kh2 Nd4 34.Rg3 Nf5 35.Rg4 Raa2
36.Kh3 Ne3 37.Re4 Nxg2 38.Re8+ Kg7 39.Raa8 Rd3+  0-1

[Event "14th Trieste Open A"]
[Site "Trieste ITA"]
[Date "2012.09.02"]
[Round "2"]
[White "Vesce,Emanuele"]
[Black "Mazet,J"]
[Result "0-1"]
[WhiteElo "1903"]
[BlackElo "2128"]

1.e4 c5 2.Nf3 Nc6 3.Nc3 e5 4.Bc4 Be7 5.O-O Nf6 6.Ng5 O-O 7.f4 d6 8.d3 Nd4
9.f5 a6 10.a4 Bd7 11.Nf3 b5 12.Ba2 Bc6 13.Nd5 Bxd5 14.Bxd5 Nxd5 15.Nxd4 cxd4
16.exd5 Bg5 17.Qg4 Bxc1 18.Raxc1 Qd7 19.c3 dxc3 20.Rxc3 Rfc8 21.Rfc1 Rxc3
22.Rxc3 Rc8 23.Qb4 Qa7+ 24.Kf1 Rc5 25.d4 exd4 26.Qxd4 Qc7 27.axb5 axb5 28.f6 Rxc3
29.bxc3 gxf6 30.Qxf6 Qc4+ 31.Kf2 Qxd5 32.h4 Qe5 33.Qf3 Kg7 34.Qg4+ Kf6 35.Qg8 h5
36.Qd8+ Kg7 37.Qb8 Qxc3 38.Qxd6 Qf6+  0-1

[Event "40th Olympiad Open"]
[Site "Istanbul TUR"]
[Date "2012.09.03"]
[Round "6.63"]
[White "Del Castilho,M"]
[Black "Vorobjov,P"]
[Result "1/2-1/2"]
[WhiteElo "2260"]
[BlackElo "2156"]

1.e4 c5 2.Nc3 Nc6 3.Nf3 Nf6 4.d4 cxd4 5.Nxd4 d6 6.Bg5 e5 7.Ndb5 a6 8.Na3 b5
9.Nd5 Be7 10.Bxf6 Bxf6 11.c4 Bg5 12.Nc2 bxc4 13.Bxc4 Rb8 14.b4 O-O 15.O-O Ne7
16.Nxe7+ Qxe7 17.Qd3 Qc7 18.a3 Rb6 19.Ne3 Bxe3 20.Qxe3 Rc6 21.Bd5 Rc2 22.Rfc1 Be6
23.Rxc2 Qxc2 24.Rc1 Qb2 25.Qc3 Qe2 26.Qc4 Qb2 27.Qc3 Qe2 28.Qc2 Qg4 29.h3 Qg5
30.Bxe6 fxe6 31.Qc6 Qd2 32.Rc2 Qd3 33.a4 h6 34.Kh2 Rb8 35.Rc3 Qd4 36.b5 axb5
37.axb5 Qxf2 38.Rg3 Qf8 39.b6 Qe7 40.Rd3 d5 41.exd5 exd5 42.Rxd5 Qb4 43.Qe6+ Kh8
44.Qxe5 Rxb6 45.Rd8+ Kh7 46.Qf5+ Rg6 47.Rh8+  1/2-1/2

[Event "40th Olympiad Open"]
[Site "Istanbul TUR"]
[Date "2012.09.03"]
[Round "6.34"]
[White "Zhigalko,S"]
[Black "Salem,AR"]
[Result "1/2-1/2"]
[WhiteElo "2667"]
[BlackElo "2546"]

1.e4 c5 2.Nf3 Nc6 3.Nc3 e5 4.Bc4 d6 5.d3 Be7 6.Nd2 Nf6 7.Nf1 Bg4 8.f3 Be6
9.Ne3 O-O 10.O-O Rb8 11.Kh1 Nh5 12.a4 Nb4 13.Bd2 Bg5 14.g3 Bh6 15.Qe2 Nf6
16.f4 exf4 17.gxf4 d5 18.exd5 Nbxd5 19.Nexd5 Nxd5 20.Ne4 Ne7 21.Bxe6 fxe6
22.Nxc5 Qd5+ 23.Ne4 Ng6 24.c4 Qc6 25.b4 Bxf4 26.b5 Qc7 27.Bb4 Rf7 28.Rf3 a5
29.Ba3 Ne5 30.Bd6 Nxf3 31.Bxc7 Bxc7 32.c5 Nd4 33.Qg4 Rf4 34.Qg1 Rd8 35.b6 Be5
36.Qg5 Nc6 37.Rg1 Rf5 38.Qd2 Nb4 39.Nd6 Bxd6 40.cxd6 Nc6 41.Qh6 g6 42.Qe3 Rxd6
43.Rc1 Kf7 44.Rc4 Kg7 45.Rc1 e5 46.Kg2 Rdf6 47.Rc5 Rf4 48.Rc4  1/2-1/2

[Event "40th Olympiad Women"]
[Site "Istanbul TUR"]
[Date "2012.09.03"]
[Round "6.62"]
[White "Latreche,S"]
[Black "Kurochkina,E"]
[Result "1-0"]
[WhiteElo "1949"]
[BlackElo "1797"]

1.e4 c5 2.Nf3 Nc6 3.Nc3 e6 4.g3 g6 5.Bg2 Bg7 6.O-O Nge7 7.d3 O-O 8.Be3 d6
9.Qd2 Nd4 10.Nh4 e5 11.f4 f5 12.fxe5 dxe5 13.exf5 Nexf5 14.Nxf5 Bxf5 15.Bxb7 Rb8
16.Bd5+ Be6 17.Rxf8+ Qxf8 18.Bxe6+ Nxe6 19.Rf1 Qe7 20.b3 Nd4 21.Nd5 Qd6 22.c4 Nf5
23.Bg5 Re8 24.g4 Nd4 25.Bf6 Re6 26.Bxg7 Kxg7 27.Qf2 e4 28.Qf7+ Kh6 29.Nf4 Re5
30.h4 Nf3+ 31.Rxf3 exf3 32.g5+ Rxg5+ 33.hxg5+ Kxg5 34.Nh3+ Kh4 35.Qf4+ Qxf4
36.Nxf4 Kg3 37.Ne6 h5 38.Nxc5 h4 39.Ne4+ Kf4 40.Kf2 h3 41.Ng3  1-0

[Event "40th Olympiad Open"]
[Site "Istanbul TUR"]
[Date "2012.09.03"]
[Round "6.42"]
[White "Ssegwanyi,Arthur"]
[Black "Phillips,R"]
[Result "1-0"]
[WhiteElo "2178"]
[BlackElo "2257"]

1.e4 c5 2.Nf3 Nc6 3.Nc3 g6 4.d4 cxd4 5.Nxd4 Bg7 6.Be3 Nf6 7.Bc4 O-O 8.Bb3 d6
9.f3 Bd7 10.Qd2 Nxd4 11.Bxd4 b5 12.h4 a5 13.a4 bxa4 14.Nxa4 Rb8 15.h5 Nxh5
16.Bxg7 Kxg7 17.g4 Nf6 18.Qh6+ Kh8 19.Nc3 Rg8 20.Bxf7 Rg7 21.Bb3 Rb4 22.Qg5 a4
23.Nxa4 Qa8 24.Qd2 Qa5 25.g5 Nxe4 26.fxe4 Rxe4+ 27.Kd1 Qa7 28.Kc1 Bxa4 29.Qc3 Qa6
30.Rxh7+ Kxh7 31.Qh3+  1-0

[Event "40th Olympiad Women"]
[Site "Istanbul TUR"]
[Date "2012.09.03"]
[Round "6.62"]
[White "Zykina,N"]
[Black "Latreche,K"]
[Result "1-0"]
[WhiteElo "2078"]
[BlackElo "1889"]

1.e4 c5 2.Nc3 Nc6 3.Bb5 g6 4.f4 Bg7 5.Nf3 d6 6.Bxc6+ bxc6 7.d3 Nf6 8.O-O O-O
9.Qe1 Ne8 10.b3 f5 11.e5 Nc7 12.Bd2 Ne6 13.Qf2 d5 14.Na4 d4 15.Qh4 Re8 16.Ng5 Nxg5
17.Qxg5 Qd5 18.h4 Kh8 19.Rf3 e6 20.h5 gxh5 21.Qxh5 Rg8 22.Kf2 Bf8 23.Rh1 h6
24.Qf7 Ba6 25.Qf6+ Kh7 26.Qf7+ Kh8 27.Rh2 Qxf3+ 28.Kxf3 Bc8 29.Nxc5 Bg7 30.Nxe6 Bxe6
31.Qxe6 Rgf8 32.Bb4 Rfc8 33.Be7 Re8 34.Qf7 Rac8 35.Rxh6+  1-0

[Event "40th Olympiad Women"]
[Site "Istanbul TUR"]
[Date "2012.09.03"]
[Round "6.6"]
[White "Collas,S"]
[Black "Docena,J"]
[Result "1-0"]
[WhiteElo "2261"]
[BlackElo "2061"]

1.e4 c5 2.Nc3 Nc6 3.Bb5 g6 4.Bxc6 dxc6 5.d3 Bg7 6.Be3 b6 7.Qd2 e5 8.Nge2 Nf6
9.Bh6 O-O 10.Bxg7 Kxg7 11.O-O-O Qe7 12.Ng3 Rd8 13.f4 exf4 14.Qxf4 Ng4 15.h3 Ne5
16.Rhe1 f6 17.Nf1 Be6 18.g4 Qd6 19.Kb1 Rd7 20.Ne3 Nf7 21.Qf2 Rf8 22.Nf5+ gxf5
23.gxf5 Ne5 24.fxe6 Qxe6 25.Ne2 Kh8 26.Rg1 Ng6 27.Ng3 Qe5 28.Rdf1 a5 29.Qe3 a4
30.a3 b5 31.Rf5 Qd4 32.Qxd4 cxd4 33.Rgf1 Rb8 34.Rxf6 c5 35.Rf7 Rd6 36.Nh5 b4
37.axb4 cxb4 38.Nf6 Nf8 39.Rg1 Rxf6 40.Rxf6 b3 41.Rd6 bxc2+ 42.Kxc2 Rc8+
43.Kb1 Rb8 44.Ka2 Ng6 45.Rxd4  1-0

[Event "3rd Oliver Gonzalez Mem Open A"]
[Site "Madrid ESP"]
[Date "2012.09.03"]
[Round "3.27"]
[White "Lopez Ziegler,Carlos"]
[Black "Suarez Uriel,A"]
[Result "0-1"]
[WhiteElo "1918"]
[BlackElo "2245"]

1.e4 c5 2.Nf3 Nc6 3.Nc3 g6 4.d4 cxd4 5.Nxd4 Bg7 6.Be3 Nf6 7.Bc4 O-O 8.Bb3 a5
9.h3 a4 10.Bxa4 Nxe4 11.Nxe4 Rxa4 12.c3 Nxd4 13.Qxa4 Nf5 14.Bc5 Qc7 15.g4 b6
16.Ba3 Nh4 17.O-O-O Qf4+ 18.Kb1 d6 19.Qc6 Be6 20.Nxd6 Nf3 21.Qxb6 exd6 22.Bxd6 Ra8
23.Ba3 Nd2+  0-1

[Event "3rd Oliver Gonzalez Mem Open A"]
[Site "Madrid ESP"]
[Date "2012.09.03"]
[Round "3.20"]
[White "Rabadan Velasco,R"]
[Black "Vazquez Torres,A"]
[Result "0-1"]
[WhiteElo "2347"]
[BlackElo "2149"]

1.e4 c5 2.Nc3 Nc6 3.Nf3 d6 4.d4 cxd4 5.Nxd4 Nf6 6.Be2 e6 7.O-O Be7 8.Be3 O-O
9.f4 Bd7 10.Qe1 a6 11.a4 Rc8 12.Qg3 Kh8 13.e5 Ne8 14.Ne4 d5 15.Ng5 Nxd4 16.Bxd4 f5
17.Bh5 Bxg5 18.fxg5 g6 19.Bd1 Ng7 20.Rf4 Qe8 21.Qa3 Nh5 22.Rf2 f4 23.Bc5 Rf7
24.Bb4 Qd8 25.h4 Ng3 26.Bd2 Qb6 27.Qb4 Qa7 28.Bc3 Rc4 29.Qb3 Ne4 30.Be1 Nxf2
31.Bxf2 Qb8 32.Be2 Rc8 33.Rd1 b5 34.a5 Qc7 35.Bd3 f3 36.h5 gxh5 37.g6 hxg6
38.Bb6 Qxe5 39.Bxg6 Qg3 40.Bd4+ Rg7 41.Qxf3 Qxg6 42.Re1 Rxc2 43.Re5 Rxg2+
44.Kf1 Qb1+ 45.Re1 Rg1+  0-1

[Event "14th Trieste Open A"]
[Site "Trieste ITA"]
[Date "2012.09.03"]
[Round "4"]
[White "Manca,F"]
[Black "Beletic,D"]
[Result "1-0"]
[WhiteElo "2421"]
[BlackElo "2230"]

1.e4 c5 2.Nc3 Nc6 3.Bb5 Nd4 4.Bc4 e6 5.Nf3 Ne7 6.O-O Nec6 7.d3 a6 8.a4 Be7
9.Nxd4 cxd4 10.Ne2 O-O 11.Ng3 d6 12.f4 Bd7 13.f5 Ne5 14.Bb3 g6 15.Bh6 Re8
16.Qd2 Ng4 17.Bf4 Ne5 18.h3 Kh8 19.Rf2 Rg8 20.Kh2 Bh4 21.Raf1 gxf5 22.exf5 Qe7
23.Qb4 Bxg3+ 24.Bxg3 Rxg3 25.Kxg3 Rg8+ 26.Kh2 Qh4 27.Qd2 Qg3+ 28.Kg1 Bc6
29.fxe6 Nf3+ 30.Rxf3 Bxf3 31.Rxf3 Qxf3 32.exf7 Rg6 33.Qe2 Qf6 34.Qe8+ Kg7
35.Qg8+  1-0

[Event "40th Olympiad Open"]
[Site "Istanbul TUR"]
[Date "2012.09.04"]
[Round "7.51"]
[White "Madrigal,M"]
[Black "Tate,A"]
[Result "0-1"]
[WhiteElo "2155"]
[BlackElo "2332"]

1.e4 c5 2.Nc3 Nc6 3.Bb5 Nd4 4.Bc4 e6 5.Nge2 Nf6 6.O-O a6 7.d3 b5 8.Bb3 Nc6
9.Bg5 Be7 10.Qe1 h6 11.Bh4 g5 12.Bg3 Qb6 13.f3 Bb7 14.a4 O-O-O 15.axb5 axb5
16.Kh1 h5 17.Bf2 g4 18.Bh4 gxf3 19.Rxf3 Ng4 20.Nf4 Bxh4 21.Qxh4 Nd4 22.Rff1 Rdg8
23.Rae1 d6 24.h3 Ne5 25.Nce2 Nxb3 26.cxb3 Kd7 27.b4 Qd8 28.Qf2 c4 29.d4 Ng4
30.hxg4 hxg4+ 31.Kg1 Bxe4 32.Nh5 f5 33.Nef4 g3 34.Nxg3 Qh4 35.Nh3 Rxg3 36.Rxe4 Qxh3  0-1

[Event "40th Olympiad Open"]
[Site "Istanbul TUR"]
[Date "2012.09.04"]
[Round "7.69"]
[White "Boydia,Sidi"]
[Black "Goundar,S"]
[Result "1-0"]
[WhiteElo "2024"]
[BlackElo "1929"]

1.e4 c5 2.Nc3 Nc6 3.Nge2 g6 4.d4 cxd4 5.Nxd4 Nf6 6.f3 Bg7 7.Be3 O-O 8.Bc4 Qb6
9.Ncb5 a6 10.Nf5 Qa5+ 11.Bd2 gxf5 12.Bxa5 axb5 13.Bc3 bxc4 14.e5 Ne8 15.f4 Nc7
16.O-O e6 17.g4 Nd5 18.gxf5 Nxc3 19.bxc3 exf5 20.Kf2 Kh8 21.Qh5 f6 22.Rg1 Ne7
23.Rg3 fxe5 24.Rag1 Rg8 25.Rh3 h6 26.Qxh6+  1-0

[Event "40th Olympiad Women"]
[Site "Istanbul TUR"]
[Date "2012.09.04"]
[Round "7.3"]
[White "Milliet,S"]
[Black "Muzychuk,M"]
[Result "1/2-1/2"]
[WhiteElo "2411"]
[BlackElo "2466"]

1.e4 c5 2.Nf3 Nc6 3.Nc3 Nf6 4.Bb5 Qc7 5.d3 e6 6.O-O Be7 7.Re1 O-O 8.e5 Nd5
9.Nxd5 exd5 10.d4 cxd4 11.Nxd4 Nxd4 12.Qxd4 Qa5 13.Bh6 gxh6 14.Bd3 d6 15.Re3 Qb6
16.Qxd5 Qc6 17.Rg3+ Kh8 18.Qd4 dxe5 19.Qxe5+ Bf6 20.Qf4 Bg7 21.Rxg7 Kxg7
22.Qg3+ Kh8 23.Qe5+ Kg8 24.Qg3+ Kh8 25.Qe5+ Kg8 26.Qg3+ Kh8 27.Qe5+  1/2-1/2

[Event "40th Olympiad Women"]
[Site "Istanbul TUR"]
[Date "2012.09.05"]
[Round "8.15"]
[White "Muzychuk,A"]
[Black "Salazar,Au"]
[Result "1-0"]
[WhiteElo "2606"]
[BlackElo "2228"]

1.e4 c5 2.Nc3 Nc6 3.Bb5 Nd4 4.Nf3 g6 5.Nxd4 cxd4 6.Ne2 Bg7 7.O-O a6 8.Bc4 e6
9.c3 b5 10.Bd3 dxc3 11.dxc3 Bb7 12.a4 Nf6 13.Bg5 Qc7 14.axb5 axb5 15.Rxa8+ Bxa8
16.Nd4 b4 17.Qf3 Qe5 18.Bf4 Qh5 19.Bd6 Qa5 20.cxb4 Qb6 21.Nb5 Qc6 22.Ra1 Bb7
23.Bc5 Nxe4 24.Bxe4 Qxb5 25.Bxb7  1-0

[Event "40th Olympiad Open"]
[Site "Istanbul TUR"]
[Date "2012.09.05"]
[Round "8.19"]
[White "Zhigalko,S"]
[Black "Kurajica,B"]
[Result "1-0"]
[WhiteElo "2667"]
[BlackElo "2551"]

1.e4 c5 2.Nf3 Nc6 3.Nc3 Qb6 4.Bb5 g6 5.d4 e6 6.dxc5 Bxc5 7.O-O f6 8.Bc4 Qc7
9.Nb5 Qb8 10.c3 a6 11.Nbd4 Nge7 12.Bh6 Rg8 13.Be3 Ba7 14.a4 Qc7 15.Ba2 Kf7
16.Qd2 Bb8 17.g3 Qa5 18.Bc4 Kg7 19.b4 Qd8 20.Rad1 d5 21.Nxe6+ Bxe6 22.exd5 Bf7
23.Bh6+ Kh8 24.dxc6 Qxd2 25.Nxd2 Bxc4 26.cxb7 Ra7 27.Nxc4 Rxb7 28.Be3 Nf5
29.Bc5 Rc8 30.a5 Kg8 31.Rfe1 Kf7 32.Kf1 h5 33.Rd5 Rc6 34.h3  1-0

[Event "40th Olympiad Open"]
[Site "Istanbul TUR"]
[Date "2012.09.05"]
[Round "8.34"]
[White "Kurmann,O"]
[Black "Tate,A"]
[Result "1-0"]
[WhiteElo "2469"]
[BlackElo "2332"]

1.e4 c5 2.Nf3 Nc6 3.Nc3 g6 4.d4 cxd4 5.Nxd4 Bg7 6.Be3 Nf6 7.Bc4 O-O 8.Bb3 d6
9.f3 Bd7 10.Qd2 Nxd4 11.Bxd4 b5 12.a4 b4 13.Nd5 Nxd5 14.Bxg7 Kxg7 15.exd5 Qa5
16.Qd4+ f6 17.Kf2 Rac8 18.Rhe1 Rfe8 19.Re4 Bf5 20.Re2 Qc5 21.Qxc5 Rxc5 22.g4 Bd7
23.a5 f5 24.Kg3 Kf6 25.h4 h6 26.a6 Bc8 27.Ra4 Rb5 28.Bc4 Rb6 29.Ra1 Rh8 30.b3 Rh7
31.Rh1 Kf7 32.Rhe1 Kf8 33.Re6 Bxe6 34.Rxe6 fxg4 35.fxg4 Kf7 36.Bd3 Rg7 37.Kf3 Rb8
38.h5 gxh5 39.gxh5 Rbg8 40.Bg6+ Rxg6 41.hxg6+ Rxg6 42.Re4 Rg1 43.Rf4+ Ke8
44.Rxb4 Ra1 45.Rh4 Rxa6 46.Rxh6 Ra2 47.Rh2 Kd7 48.Ke4 Ra1 49.Kd4 Re1 50.c3 Ra1
51.Kc4 Ra5 52.b4 Ra3 53.Rh8 Kc7 54.Ra8 Ra1 55.Kb3 Kb7 56.Re8 Re1 57.c4 Re3+
58.Kc2 Kc7 59.Kd2 Re5 60.Ra8 Kb7 61.Rd8 Kc7 62.Re8 Re4 63.Kd3 Re1 64.c5 dxc5
65.bxc5 Rd1+ 66.Ke4 Re1+ 67.Kf5 Kd7 68.Ra8 Ra1 69.Ke5 Re1+ 70.Kd4 Ra1 71.c6+ Kc7
72.Ke5 Re1+ 73.Kf5 Ra1 74.Ke6 Re1+ 75.Kf7 Re5 76.Rxa7+ Kc8 77.Rd7 Kb8 78.Kf8 Kc8
79.Ke8 Kb8 80.Kd8  1-0

[Event "40th Olympiad Open"]
[Site "Istanbul TUR"]
[Date "2012.09.05"]
[Round "8.56"]
[White "Kassis,A LIB"]
[Black "Cossa,P"]
[Result "1-0"]
[WhiteElo "2209"]
[BlackElo "1995"]

1.e4 c5 2.Nc3 Nc6 3.Bb5 d6 4.Bxc6+ bxc6 5.d3 Nf6 6.f4 g6 7.Nf3 Bg7 8.O-O O-O
9.Qe1 Rb8 10.e5 Nd5 11.Ne4 Nb4 12.Qe2 Qc7 13.c3 Nd5 14.c4 Nb6 15.Nf2 Rd8
16.Bd2 h6 17.b3 d5 18.h3 Nd7 19.Rab1 Nf8 20.g4 Ne6 21.Qe1 Nd4 22.Nxd4 cxd4
23.Ba5 Qd7 24.Bxd8 Qxd8 25.Qd2 Kh7 26.Nh1 c5 27.Ng3 e6 28.Rbe1 dxc4 29.bxc4 f5
30.exf6 Bxf6 31.Ne4 Be7 32.Rb1 Rb6 33.Rxb6 axb6 34.Qe2 Bb7 35.f5 gxf5 36.gxf5 exf5
37.Rxf5 Qg8+ 38.Qg4 Qe6 39.Qf4 Bxe4 40.Qxe4 Qxe4 41.dxe4 Kg6 42.Kf2 Bd6 43.a4 Be7
44.Ke2 Bd6 45.Rd5 Bf4 46.Rd7 Kh5 47.Rb7 Kh4 48.Rxb6 Kxh3 49.a5 h5 50.a6 h4
51.a7 Kg2 52.a8=Q  1-0

[Event "40th Olympiad Women"]
[Site "Istanbul TUR"]
[Date "2012.09.05"]
[Round "8.1"]
[White "Ding Yixin"]
[Black "Szczepkowska Horowska,K"]
[Result "1/2-1/2"]
[WhiteElo "2424"]
[BlackElo "2375"]

1.e4 c5 2.Nf3 Nc6 3.Nc3 Nf6 4.d4 cxd4 5.Nxd4 e5 6.Ndb5 d6 7.Bg5 a6 8.Na3 b5
9.Nd5 Be7 10.Bxf6 Bxf6 11.c3 O-O 12.Nc2 Bg5 13.h4 Bh6 14.Nce3 Ne7 15.g3 Bxe3
16.Nxe3 Bb7 17.Bg2 f5 18.exf5 Bxg2 19.Nxg2 Nxf5 20.O-O Qb6 21.Kh2 Ra7 22.f4 Raf7
23.Qd5 Nh6 24.Kh3 Kh8 25.Rad1 Rf6 26.g4 Qa7 27.f5 g6 28.Qd2 Nxg4 29.Kxg4 gxf5+
30.Kh3 f4 31.Rf3 Rg8 32.Rdf1 Rfg6 33.Nxf4 exf4 34.Qxf4 Qd7+ 35.Qf5 Qe7 36.Qf4 Qe6+
37.Qf5 Qe2 38.R3f2 Qe3+ 39.Rf3 Qd2 40.R3f2 Qe3+ 41.Rf3 Rg3+ 42.Kh2 Rg2+ 43.Kh1 Rg1+
44.Kh2 R8g2+ 45.Kh3 Rg3+ 46.Kh2 Qe2+ 47.R1f2 R1g2+ 48.Kh1 Qe1+ 49.Rf1 Rg1+
50.Kh2 R3g2+ 51.Kh3 Rg3+ 52.Kh2 Qd2+ 53.R3f2 R3g2+ 54.Kh3 Qe3+ 55.Rf3 Rg3+
56.Kh2 R1g2+ 57.Kh1 Rxf3 58.Qxf3 Qxf3 59.Rxf3 Rxb2 60.Rd3 Rxa2 61.Rxd6 a5
62.Ra6 Kg7 63.Kg1 a4 64.Kf1 Rc2 65.Ra5 Kf6 66.Ke1 Rxc3 67.Rxb5 Ra3 68.Kf2 Ra1
69.Ra5 a3 70.Kg3 Ke6 71.Kg4 Kd6 72.Kh5 Kc6 73.Kh6 Kb6 74.Ra8 Kb5 75.Kxh7 Kb4
76.h5 Rh1 77.h6 Kb3 78.Kg7 a2 79.Rxa2 Kxa2 80.h7 Rxh7+ 81.Kxh7  1/2-1/2

[Event "World Youth U16 Olympiad 2012"]
[Site "Istanbul TUR"]
[Date "2012.09.05"]
[Round "10.8"]
[White "Dedebas,Emre Emin"]
[Black "Felix Vega,Aurora Edith"]
[Result "0-1"]
[WhiteElo "1841"]
[BlackElo "1896"]

1.e4 c5 2.Nf3 Nc6 3.Nc3 Nf6 4.d4 cxd4 5.Nxd4 e5 6.Ndb5 d6 7.Bg5 a6 8.Na3 b5
9.Nd5 Be7 10.Bxf6 Bxf6 11.c3 Bg5 12.Nc2 Rb8 13.Be2 O-O 14.O-O Kh8 15.Nce3 g6
16.Bg4 f5 17.exf5 gxf5 18.Be2 Rb7 19.a4 e4 20.Nc2 Ne5 21.axb5 axb5 22.Nd4 Bh6
23.f4 exf3 24.Nxf3 Be6 25.Nb4 Ng4 26.Nd4 Be3+ 27.Kh1 Nxh2 28.Nxe6 Qh4 29.Qe1 Qh6
30.Qg3 Nxf1+ 31.Qh3 Ng3+ 32.Kh2 Qxe6  0-1

[Event "5th Sabadell Open A"]
[Site "Sabadell ESP"]
[Date "2012.09.05"]
[Round "7"]
[White "Espinoza Palomino,W"]
[Black "Gallego Alcaraz,A"]
[Result "0-1"]
[WhiteElo "2242"]
[BlackElo "2377"]

1.e4 c5 2.Nf3 Nc6 3.Nc3 Nf6 4.Bb5 Qc7 5.O-O Nd4 6.Nxd4 cxd4 7.Nd5 Nxd5 8.exd5 Qc5
9.c4 a6 10.b4 Qxb4 11.Ba4 b5 12.cxb5 Bb7 13.bxa6 Bxd5 14.Bb3 Bc6 15.Re1 e6
16.a3 Qa5 17.Bb2 Qg5 18.f3 Rxa6 19.Bxd4 Bd6 20.Bf2 O-O 21.a4 Rfa8 22.d4 Ra5
23.Bc2 Qh6 24.h4 Qf4 25.Qd3 g6 26.g3 Qxf3 27.Qxf3 Bxf3 28.Re3 Bd5 29.Be1 Rb5
30.Bc3 Rb7 31.a5 Rc7 32.Bd1 Rac8 33.Bd2 Rc4 34.Be2 Rxd4 35.Bc3 Re4 36.Rxe4 Bxe4
37.Be1 Be5 38.Rd1 Rc2 39.Bd3 Bxd3 40.Rxd3 d5 41.Ra3 Bd6 42.Ra1 d4 43.a6 d3
44.Ra5 Bb8 45.a7 Bxa7+ 46.Rxa7 d2 47.Bxd2 Rxd2 48.Ra5 Kg7 49.Ra7 Kf6 50.Ra5 h6
51.Kf1 e5 52.Ra7 g5 53.Ra6+ Kg7 54.hxg5 hxg5 55.Kg1 f6 56.Kf1 Kg6 57.Kg1 Kf5
58.Kf1 e4 59.Rb6 e3  0-1

[Event "11th Kesarovski-Stanchev Mem"]
[Site "Sunny Beach BUL"]
[Date "2012.09.05"]
[Round "5.59"]
[White "Kubelova,Sona"]
[Black "Dimov,Dana"]
[Result "1/2-1/2"]
[WhiteElo "1730"]
[BlackElo "1935"]

1.e4 c5 2.Nc3 Nc6 3.Nge2 d6 4.g3 g6 5.Bg2 Bg7 6.O-O e6 7.d3 Nge7 8.Be3 Nd4
9.Qd2 O-O 10.Rac1 Rb8 11.a3 b5 12.b4 a5 13.Rb1 Bd7 14.Na2 axb4 15.axb4 Nxe2+
16.Qxe2 Ra8 17.c3 cxb4 18.Nxb4 Bxc3 19.d4 Qa5 20.Nd3 Nc6 21.d5 Nd4 22.Qd1 Qa4
23.Qg4 Nc2 24.Bf4 f5 25.exf5 exf5 26.Qg5 Bf6 27.Qh6 Qa3 28.Rfd1 Nd4 29.Rd2 Rfe8
30.Be3 Nb3 31.Rdd1 Na5 32.h4 Nc4 33.Bf4 Qa2 34.Bf3 Ne5 35.Nxe5 dxe5 36.d6 e4
37.Bg2 Qf7 38.Be3 Qg7 39.Qxg7+ Kxg7 40.Bf1  1/2-1/2

[Event "14th Trieste Open A"]
[Site "Trieste ITA"]
[Date "2012.09.05"]
[Round "6"]
[White "Erwich,Frans"]
[Black "Mazet,J"]
[Result "1-0"]
[WhiteElo "2005"]
[BlackElo "2128"]

1.e4 c5 2.Nf3 Nc6 3.Nc3 e5 4.Bc4 Be7 5.d3 d6 6.O-O Nf6 7.Ng5 O-O 8.f4 exf4
9.Bxf4 Ne5 10.Bb3 Ng6 11.Be3 h6 12.Nxf7 Rxf7 13.Bxf7+ Kxf7 14.Qh5 Qe8 15.Nd5 Rb8
16.Rf3 Kg8 17.Qxg6 Qxg6 18.Nxe7+ Kh7 19.Nxg6 Kxg6 20.Bf4 Bg4 21.Rg3  1-0

[Event "11th Istanbul Open A"]
[Site "Istanbul TUR"]
[Date "2012.09.06"]
[Round "7"]
[White "Harutjunyan,G"]
[Black "Primbetov,K"]
[Result "1-0"]
[WhiteElo "2449"]
[BlackElo "2209"]

1.e4 c5 2.Nc3 Nc6 3.Nf3 d6 4.d4 cxd4 5.Nxd4 Nf6 6.Bg5 Bd7 7.Qd2 h6 8.Bxf6 gxf6
9.Be2 Nxd4 10.Qxd4 h5 11.Nd5 Rh6 12.O-O-O e6 13.Ne3 Qa5 14.Kb1 b5 15.g4 h4
16.g5 fxg5 17.Ng4 Rg6 18.Nf6+ Kd8 19.Bh5 Rg7 20.e5 Rc8 21.exd6 Qa4 22.Qd2 Rc6
23.Bf3 Ra6 24.a3 b4 25.Qd4 bxa3 26.Qc5 Bc6 27.Rd4 Qxd4 28.Qxd4 Bxf3 29.Qd3 Bb7
30.Qb5 a2+ 31.Ka1  1-0

[Event "40th Olympiad Open"]
[Site "Istanbul TUR"]
[Date "2012.09.06"]
[Round "9.77"]
[White "Martinez Reyes,P"]
[Black "Mueller,Oli"]
[Result "0-1"]
[WhiteElo "2198"]
[BlackElo "2265"]

1.e4 c5 2.Nf3 Nc6 3.Nc3 g6 4.d4 cxd4 5.Nxd4 Bg7 6.Nb3 Nf6 7.Be2 O-O 8.O-O d6
9.Re1 Be6 10.Bf1 a5 11.a4 Rc8 12.Nd5 Ne5 13.Bg5 Nc4 14.Bxc4 Rxc4 15.Qd3 Bxd5
16.exd5 Rg4 17.Bd2 Qd7 18.c4 Rc8 19.Nxa5 e5 20.Qb3 Ne4 21.Be3 Nc5 22.Bxc5 Rxc5
23.Qxb7 Qf5 24.Ra3 e4 25.h3 Bd4 26.Rf1 Rf4 27.Nc6 Rxc6 28.dxc6 Rxf2 29.Rfa1 Rf1+
30.Kh2 Be5+  0-1

[Event "40th Olympiad Women"]
[Site "Istanbul TUR"]
[Date "2012.09.06"]
[Round "9.4"]
[White "Muzychuk,M"]
[Black "Krush,I"]
[Result "1/2-1/2"]
[WhiteElo "2466"]
[BlackElo "2467"]

1.e4 c5 2.Nc3 Nc6 3.Bb5 Nd4 4.Nf3 a6 5.Bd3 g6 6.Nxd4 cxd4 7.Ne2 Bg7 8.O-O d5
9.exd5 Qxd5 10.c4 dxc3 11.dxc3 Nf6 12.Nf4 Qc5 13.Be3 Qc7 14.Qa4+ Bd7 15.Qb4 a5
16.Qc5 Bc6 17.Bc4 O-O 18.Nd5 Nxd5 19.Bxd5 Be5 20.f4 Bd6 21.Qc4 Bxd5 22.Qxd5 a4
23.a3 Rfd8 24.Qe4 Bc5 25.Rad1 Bxe3+ 26.Qxe3 e6 27.Qf2 Ra6 28.Rxd8+ Qxd8 29.Qf3 Qb6+
30.Qf2 Qd6 31.Qc2 Ra5 32.Kh1 h5 33.g3 Qc6+ 34.Kg1 h4 35.gxh4 Rh5 36.Qf2 Qd6
37.Re1 Qd8 38.Re4 Rxh4 39.Rd4 Rg4+ 40.Kf1 Qf6 41.h3 Rh4 42.Kg2 b5 43.Qg3 Rh5
44.Qd3 Rf5 45.Qd2 e5 46.fxe5 Qxe5 47.h4 Qe6 48.Kg3 Re5 49.Rd6 Qc4 50.Rd4 Qf1
51.Qf2 Qh1 52.Rd8+ Kg7 53.Rd2 Re1 54.Qd4+ Kh7 55.Rg2 Rd1 56.Qe3 Rd5 57.Rg1 Rd3
58.Qxd3 Qxg1+ 59.Kh3 Qc5 60.Kg3 Qe5+ 61.Kg4 Qe6+ 62.Kg3 Qb3 63.h5 Qxb2 64.hxg6+ fxg6
65.Qd7+ Kh6 66.Qh3+ Kg7 67.Qd7+ Kf6  1/2-1/2